Представление документа в формате RUSMARC

ПолеНазваниеЗначение
  Тип записи a
  Библиографический уровень m
001 Контрольный номер RU/УОНБ/EK_N/606137099
005 Дата корректировки 20240131005118.9
013 Номер (ISMN) __
a Номер (ISMN) M-014-01261-8
d Цена 432 р.
071 Издательские номер (звукозапись и ноты) 21
a Номер, присвоенный агентством 8094
100 Данные общей обработки __
a Данные общей обработки 20190317d2019 u y0rusy0189||||ba
101 Язык документа 0_
a Язык текста ger
f Язык титульного листа ger
102 Страна публикации __
a Страна публикации DE
105 Кодированные данные (монография) __
a Кодированные данные (монография) y###||||000|y
125 Кодированные данные звукозаписи и нотных изданий __
a Форма изложения нотного текста с|
128 Кодированные данные (звукозаписи-физические характеристики) __
a Кодированные данные: Музыкальная форма и тональность или лад zz
b Инструменты или голоса, необходимые для ансамблей (устаревшее) ka||
c Инструменты или голоса, рекомендуемые для солистов (устаревшее) sc||
200 Заглавие и сведения об ответственности 1_
a Заглавие Haydn-Mozart
b Общее обозначение материала Ноты
215 Физическое описание __
a Объем 23 с., 1 парт. (8 с.)
327 Примечание о содержании 11
a Примечание о содержании Содерж. : Joseph Haydn (1732-1809) : Thema aus dem Kaiserquartett op. 76/3 ; Arie (Mit Wurd' und Hoheit angetan) aus der "Schopfung" ; Cantabile aus dem 2. Satz des Klaviertrios Hob. XV, 25 ; Finale aus dem Streichquartett op. 33/3 ; Serenade aus dem Streichquartett op. 3/5 ; Arioso aus der "Schopfung" (Duett Nr. 30). - Wolfgang Amadeus Mozart (1756-1791) : Marsch der Priester aus der "Zauberflote" ; Arie des Don Ottavio aus "Don Giovanni" ; Larghetto aus dem Klarinettenquintett KV 581 ; Chor aus "Idomeneo" KV 366 (2. Akt, Nr. 15) ; Ave verum corpus ; Duettino der Susanna und Grafin aus "Figaros Hochzeit".
461 Уровень набора _0
1 001RU/УОНБ/EK_N/606134113
1 200
a Meister fur die Jugend
b Ноты
d [Мастера для юношества]
e Beruhmte Stucke fur Violoncello und Klavier = [попул. пьесы для в-чели и фп.]
f Bearbeitet und hrgs. von Georg Goltermann
v [Вып. 1]
1 210
a Frankfurt
c C. F. Peters
1 225
a Edition Peters
464 Аналитический уровень _0
1 2001
a Thema
e aus dem Kaiserquartett op. 76/3
1 700 1
a Haydn
b J.
464 Аналитический уровень _0
1 2001
a Marsch der Priester
e aus der "Zauberflote"
1 700 1
a Mozart
b W. A.
464 Аналитический уровень _0
1 2001
a Arie
e aus der "Schopfung"
1 700 1
a Haydn
b J.
464 Аналитический уровень _0
1 2001
a Cantabile
e aus dem Klaviertrio Hob. XV, 25
1 700 1
a Haydn
b J.
464 Аналитический уровень _0
1 2001
a Finale
e aus dem Streichquartett op. 33/3
1 700 1
a Haydn
b J.
464 Аналитический уровень _0
1 2001
a Serenade
e aus dem Streichquartett op. 3/5
1 700 1
a Haydn
b J.
464 Аналитический уровень _0
1 2001
a Arioso
e aus der "Schopfung"
1 700 1
a Haydn
b J.
464 Аналитический уровень _0
1 2001
a Arie
e aus "Don Giovanni"
1 700 1
a Mozart
b W. А.
464 Аналитический уровень _0
1 2001
a Larghetto
e aus dem Klarinettenquintett
1 700 1
a Mozart
b W. А.
464 Аналитический уровень _0
1 2001
a Chor
e aus "Idomeneo"
1 700 1
a Mozart
b W. A.
464 Аналитический уровень _0
1 2001
a Ave verum corpus
1 700 1
a Mozart
b W. A.
464 Аналитический уровень _0
1 2001
a Duettino
e aus "Figaros Hochzeit"
1 700 1
a Mozart
b W. A.
500 Унифицированное заглавие 10
a Унифицированное заглавие Пьесы
512 Заглавие обложки 1_
a Заглавие обложки Meister fur die Jugend
517 Другие варианты заглавия 1_
a Другие варианты заглавия Masters for the Young
517 Другие варианты заглавия 1_
a Другие варианты заглавия Maitres pour la jeunesse
600 Персоналии _1
a Персоналии (Фамилия) Гайдн, Йозеф
600 Персоналии _1
a Персоналии (Фамилия) Моцарт, Вольфганг Амадей
606 Тематические рубрики 0_
a Основная рубрика Виолончельная музыка зарубежная
x Основная подрубрика Пьесы
610 Ключевые слова 0_
a Ключевые слова виолончель
610 Ключевые слова 0_
a Ключевые слова пьесы
610 Ключевые слова 0_
a Ключевые слова Гайдн Й.
610 Ключевые слова 0_
a Ключевые слова Моцарт В. А.
686 Индексы других классификаций __
a Классификационный индекс 85.955.6-42-058.8(3)я43
2 Код системы rubbk
801 Источник записи _0
a Страна RU
b Организация Ульяновская ОНБ
c Дата составления 20190317
g Правила каталогизации RCR
801 Источник записи _1
a Страна RU
b Организация Ульяновская ОНБ
c Дата составления 20190317
g Правила каталогизации RCR
901 Тип документа __
t Тип документа n
w Контрольный № источника RU/УОНБ/EK_N/606134113
909 Создатель записи __
a Создатель записи Грязнова И. Е.
938 Служебная информация __
a Имя БД noti
b Имя библиотеки УОНБ
c Имя АИБС МАРК-SQL
d Номер DOC_ID в БД 20257